Tema Central: La Coordinadora Centroamericana de Trabajadores (COCENTRA)

שמור ב:
מידע ביבליוגרפי
פורמט: Texto
תגים: הוספת תג
אין תגיות, היה/י הראשונ/ה לתייג את הרשומה!

MARC

LEADER 00000 a a2200000 04500
001 48488
003
040
245 |a Tema Central:   |b La Coordinadora Centroamericana de Trabajadores (COCENTRA)  
773 |g número3, (1992), páginas 3-10  
999 |c 33024  |d 33024